Estatísticas para TODOS os usuários com um quiz destacado em Português

Clique aqui para jogar o quiz

Estatísticas Gerais

  • Esse quiz foi jogado 8 vezes
  • A pontuação média é 5 de 17

Estatísticas das Respostas

#Usuário% Correto
297IAB
63%
196jpedrocm
63%
2Jato3
50%
4Jerry928
38%
11Stewart
38%
4ciaocpr1
25%
2Gamer1162
25%
1QuantumMechanist
25%
2scambiandJerry
25%
2UG332
25%
2AndersonFCS
13%
1apocalypse
13%
1BolyaiAnna
13%
5deltanz
13%
1fmssp
13%
2FTRoma
13%
1rodrigost23
13%

Distribuição das Pontuações

Percentil de Números Respondidos

Porcentagem de Pessoas com Cada Pontuação

Sua Pontuação Histórica

Você não jogou esse quiz